The Canadian Realtor (Record no. 119137)

MARC details
000 -LEADER
fixed length control field 00630cas a22001935a 4500
001 - CONTROL NUMBER
control field L139851
008 - FIXED-LENGTH DATA ELEMENTS--GENERAL INFORMATION
fixed length control field 070815c1955 xxcmr p 0 a0eng u
035 ## - SYSTEM CONTROL NUMBER
System control number (Sirsi) u139851
041 0# - LANGUAGE CODE
Language code of text/sound track or separate title eng
110 2# - MAIN ENTRY--CORPORATE NAME
Corporate name or jurisdiction name as entry element Canadian Association of Real Estate Boards
9 (RLIN) 5317
245 04 - TITLE STATEMENT
Title The Canadian Realtor
260 ## - PUBLICATION, DISTRIBUTION, ETC.
Place of publication, distribution, etc. Toronto
Name of publisher, distributor, etc. Canadian Association of Real Estate Boards
Date of publication, distribution, etc. 1955-
362 0# - DATES OF PUBLICATION AND/OR SEQUENTIAL DESIGNATION
Dates of publication and/or sequential designation 8(1) January 1962-17(1) Spring 1971
520 ## - SUMMARY, ETC.
Summary, etc. The publication frequency changed to four issues per year at some time between March 1968 and February 1970.
554 ## -
-- 12 per year
651 #4 - SUBJECT ADDED ENTRY--GEOGRAPHIC NAME
Geographic name Canada
690 ## - LOCAL SUBJECT ADDED ENTRY--TOPICAL TERM (OCLC, RLIN)
Topical term or geographic name as entry element PROPERTY
942 ## - ADDED ENTRY ELEMENTS (KOHA)
Suppress in OPAC 0
Holdings
Withdrawn status Lost status Source of classification or shelving scheme Damaged status Not for loan Home library Current library Shelving location Date acquired Total Checkouts Full call number Barcode Date last seen Price effective from Koha item type
    Dewey Decimal Classification     London London Basement 15/08/2007   CANADIAN REALTOR 139851-1001 06/08/2019 06/08/2019 Journal